000 00631nam a2200229Ia 4500
003 OSt
005 20220918195058.0
006 a|||||r|||| 00| 0
007 ta
008 220917b |||||||| |||| 00| 0 eng d
024 _a83,338
037 _cTextual
040 _aARTS
_cARTS
_beng
041 _2eng
_aeng
082 _aS6:12:4, L8
100 _aGleland Charles Carr
_988865
245 0 _aMental retardation
_b a developmental approach
260 _aEnglewood
_bCliffts Trentice Hall
_c1978
650 _aPSYCHOLOGY
942 _hS6:12:4, L8
_cTEXL
_2CC
999 _c207053
_d207053